000
00310nam a2200121Ia 4500
008
180117s9999 xx 000 0 und d
100
_a
by AA Patawaran
245
_a
WHWN
260
_c
2016
300
_a
18-20 pages, 2016 February 28
440
_a
Philippine Panorama
650
_a
WHATEVER CATCHES YOUR FANCY
999
_c
353519
_d
353519